2010s Drafted QBs - Statistics

General Stats
  • This quiz has been taken 40 times
  • The average score is 48 of 119
Answer Stats
Year School Answer % Correct
Texas Tech Patrick Mahomes
100%
Louisville Lamar Jackson
97%
2018 Oklahoma Baker Mayfield
93%
Arkansas Brandon Allen
93%
Duke Daniel Jones
93%
Wyoming Josh Allen
93%
UCLA Josh Rosen
93%
USC Sam Darnold
93%
2012 Stanford Andrew Luck
90%
North Dakota State Carson Wentz
90%
2016 California Jared Goff
90%
2019 Oklahoma Kyler Murray
90%
Oklahoma Landry Jones
90%
Oregon Marcus Mariota
90%
2017 North Carolina Mitchell Trubisky
90%
2014 UCF Blake Bortles
87%
2011 Auburn Cam Newton
87%
2015 Florida State Jameis Winston
87%
Texas A&M Johnny Manziel
87%
Wisconsin Russell Wilson
87%
Clemson Deshaun Watson
83%
Missouri Drew Lock
83%
West Virginia Geno Smith
83%
Michigan State Kirk Cousins
83%
Baylor Robert Griffin III
83%
Florida Atlantic Rusty Smith
83%
Fresno State Derek Carr
80%
Ohio State Dwayne Haskins
80%
2010 Oklahoma Sam Bradford
80%
Eastern Illinois Jimmy Garoppolo
77%
Texas A&M Ryan Tannehill
77%
Louisville Teddy Bridgewater
77%
TCU Andy Dalton
67%
Florida Tim Tebow
67%
2013 Florida State E.J. Manuel
63%
Arizona Nick Foles
60%
Memphis Paxton Lynch
60%
Florida State Christian Ponder
57%
Mississippi State Dak Prescott
57%
Notre Dame DeShone Kizer
57%
Washington State Gardner Minshew
53%
NC State Jacoby Brissett
53%
Missouri Blaine Gabbert
50%
Nevada Colin Kaepernick
50%
Oklahoma State Mason Rudolph
50%
Oklahoma State Brandon Weeden
47%
Washington Jake Locker
47%
West Virginia Will Grier
47%
Texas Colt McCoy
43%
Virginia Tech Tyrod Taylor
43%
Arizona State Brock Osweiler
40%
Northwestern Trevor Siemian
40%
Iowa C.J. Beathard
37%
USC Matt Barkley
33%
Penn State Trace McSorley
33%
Alabama A.J. McCarron
30%
Baylor Bryce Petty
30%
Penn State Christian Hackenberg
30%
USC Cody Kessler
30%
North Dakota State Easton Stick
30%
Auburn Jarrett Stidham
30%
Tennessee Joshua Dobbs
30%
NC State Mike Glennon
30%
Western Kentucky Mike White
30%
Michigan State Connor Cook
27%
Stanford Kevin Hogan
27%
Pittsburgh Nathan Peterman
27%
NC State Ryan Finley
27%
Arkansas Ryan Mallett
27%
Miami (FL) Brad Kaaya
23%
California Davis Webb
23%
UAB Joe Webb
23%
Oregon State Sean Mannion
23%
S Ohio State Terrelle Pryor
23%
Ole Miss Chad Kelly
20%
Alabama Greg McElroy
20%
Washington State Luke Falk
20%
LSU Zach Mettenberger
20%
Ohio State Cardale Jones
17%
SMU Garrett Gilbert
17%
Notre Dame Jimmy Clausen
17%
UCLA Brett Hundley
13%
LSU Danny Etling
13%
Louisiana Tech Jeff Driskel
13%
Richmond Kyle Lauletta
13%
Virginia Tech Logan Thomas
13%
Pittsburgh Tom Savage
13%
Michigan Jake Rudock
10%
Clemson Tajh Boyd
10%
North Carolina T.J. Yates
10%
Northwestern Clayton Thorson
7%
Syracuse Ryan Nassib
7%
Duke Sean Renfree
7%
Miami (OH) Zac Dysert
7%
Georgia Aaron Murray
3%
South Florida B.J. Daniels
3%
Southern Utah Brad Sorensen
3%
Western Kentucky Brandon Doughty
3%
Colorado State Garrett Grayson
3%
Fordham John Skelton
3%
Indiana Nate Sudfeld
3%
San Diego State Ryan Lindley
3%
Arkansas Tyler Wilson
3%
Oklahoma State Zac Robinson
3%
Florida International Alex McGough
0%
Chattanooga B.J. Coleman
0%
Northern Illinois Chandler Harnish
0%
Central Michigan Dan LeFevour
0%
San Jose State David Fales
0%
Tennessee Jonathan Crompton
0%
Ball State Keith Wenning
0%
Troy Levi Brown
0%
Toledo Logan Woodside
0%
Northwestern Mike Kafka
0%
Idaho Nathan Enderle
0%
Iowa Ricky Stanzi
0%
Oregon State Sean Canfield
0%
Nebraska Tanner Lee
0%
Cincinnati Tony Pike
0%
No matching quizzes found
Score Distribution
Percent of People with Each Score
Percentile by Number Answered
Your Score History
You have not taken this quiz